Normal view
MARC view
- SANDIGE, R. S
Entry Personal Name
001 - CONTROL NUMBER
- control field: 76390
003 - CONTROL NUMBER IDENTIFIER
- control field: NUST
005 - DATE AND TIME OF LATEST TRANSACTION
- control field: 20210628205633.0
008 - FIXED-LENGTH DATA ELEMENTS
- fixed length control field: 210628|| aca||aabn | a|a d
040 ## - CATALOGING SOURCE
- Original cataloging agency: NUST
- Transcribing agency: NUST
100 ## - HEADING--PERSONAL NAME
- Personal name: SANDIGE, R. S
670 ## - SOURCE DATA FOUND
- Source citation: Work cat.: (NUST): SANDIGE, R. S, DIGITAL CONCEPTS USING STANDARDS INTEGRATED CIRCUITS, 1978
